Identify the Bond film from the Peril - Statistics

General Stats
  • This quiz has been taken 30 times
  • The average score is 12 of 15
Answer Stats
Hint Film % Correct
Tortured in a North Korean prison for 14 months Die Another Day
100%
Bashed into the Golden Gate Bridge on a blimp mooring rope A View To A Kill
92%
Has a poisonous tarantula put in his hotel bed Dr. No
92%
Hunted by villains on elephants Octopussy
88%
Knocked out and left in an under-construction pipe Diamonds Are Forever
84%
Spreadeagled on a table with a laser beam slowly cutting through. Goldfinger
84%
Slowly lowered into a shark pool Live And Let Die
76%
Strapped to a chair while the villain drills into his brain. Spectre
76%
Left in a swimming pool with a shark Thunderball
76%
Keel hauled behind a ship, to be eaten by sharks For Your Eyes Only
72%
Tied up in a helicopter programmed to fire missiles at itself Goldeneye
68%
Pushed out of an aircraft without a parachute Moonraker
68%
Manacled to an antique garroting chair The World Is Not Enough
64%
Left on a conveyor belt going towards a grinding device Licence To Kill
60%
Tied to a chair aboard the Ning Po and threatened with torture You Only Live Twice
56%
No matching quizzes found
Score Distribution
Percent of People with Each Score
Percentile by Number Answered
Your Score History
You have not taken this quiz